000 00548nam a2200205Ia 4500
003 OSt
005 20230525152722.0
008 210423s2000 xx 000 0 und d
040 _cAL
041 _aeng
082 _a152
_223
_bELLA
100 _aELLIS (Albert)
_9114064
245 _aAnger
_bHow to live with and with out it
260 _aMumbai
_bJaico Publishing House
_c2000
365 _b125
_cINR
650 _aPsychology
_9114065
650 _aSensory Perception
_9114066
906 _aAnger. ; How ; it. ; live ; out
942 _2ddc
_cBK
999 _c173260
_d173260